000
00331nam a2200157Ia 4500
003
IT-RoPAU
008
120407s9999 xx 000 0 und d
040
_a
IT-RoPAU
040
_c
IT-RoPAU
245
_a
Vi ho chiamato amici (catechismo Cei)
245
_c
AA.VV.
260
_a
Cei
300
_c
cm
490
_v
1
942
_c
BK
999
_c
1700
_d
1700